| 000 | 00724nam a2200205Ia 4500 | ||
|---|---|---|---|
| 003 | GCL | ||
| 008 | 140319s9999 xx 000 0 ara d | ||
| 040 |
_aGCL / _cGCL |
||
| 082 | 0 | 4 |
_a374.9 _bف م |
| 100 | 1 | _aفؤاد بسيونى متولى | |
| 245 | 1 | 0 |
_aالمدخل للدراسة بكليات التربية (دراسة تربوية تنظيمية) / _cفؤاد بسيونى متولى |
| 260 |
_a[S.N] : _bدار المعرفة الجامعية ، _c1991 |
||
| 300 | _a313 ص | ||
| 490 |
_aالمكتبة التربوية _v0 |
||
| 650 | 0 | 4 | _aالتعليم |
| 650 | 0 | 4 | _aالتعليم العالى |
| 650 | 0 | 4 | _aالتعليم الجامعى |
| 650 | 0 | 4 | _aالجامعات والكليات |
| 942 |
_2ddc _cBK |
||
| 999 |
_c55726 _d55726 |
||